|
|
|
|
| LEADER |
00000ny a22000003n 4500 |
| 005 |
20110602140024.0 |
| 008 |
080717s2001 sp s 000 0 spa c |
| 020 |
|
|
|a 8471302160
|
| 035 |
|
|
|a 676
|
| 040 |
|
|
|a UMA.RE
|d vLex
|
| 080 |
|
|
|a 347(460)(0.034)
|
| 090 |
|
|
|c 428
|d 428
|
| 245 |
0 |
0 |
|a Comentarios al Cd̤igo Civil y Compilaciones Forales
|h [Recurso electrn̤ico]
|c dirigidos por Manuel Albaladejo
|
| 250 |
|
|
|a 2® ed
|
| 256 |
|
|
|a Servicio en ln̕ea
|
| 260 |
|
|
|a [Madrid] :
|b Edersa,
|c 2001
|
| 505 |
0 |
|
|t Tomo VII, Vol 2ð, Artc̕ulos 530 a 608 del Cd̤igo Civil /
|r comentados por, Juan Roca Juan, Manuel Amors̤ Guardiola y Jos ̌Mara̕ Chico Ortiz
|
| 506 |
1 |
|
|a Contenido solo disponible en los productos indicados
|d vLex Global
|d vLex Global (Academic Edition, excluding Law Schools)
|d vLex Global (U.S. Academic Edition, Law Schools)
|d vLex Global (U.S. Academic Edition, excluding Law Schools)
|d vLex Global (Academic Edition, Law Schools)
|
| 650 |
0 |
7 |
|2 Tesauro vLex
|a Civil
|
| 650 |
0 |
7 |
|2 Tesauro vLex
|a Cd̤igo civil
|
| 650 |
0 |
7 |
|2 Tesauro vLex
|a Servidumbre
|
| 650 |
0 |
7 |
|2 Tesauro vLex
|a Inmobiliario y registral
|
| 650 |
0 |
7 |
|2 Tesauro vLex
|a Derecho de servidumbre
|
| 700 |
1 |
|
|a Albaladejo Garca̕, Manuel,
|e dir
|
| 700 |
1 |
|
|a Amors̤ Guardiola, Manuel,
|e com
|
| 700 |
1 |
|
|a Chico Ortiz, Jos ̌Mara̕,
|e com
|
| 700 |
1 |
|
|a Juan Roca, Juan,
|e com
|
| 740 |
0 |
|
|a vLex Libros (Servicios en ln̕ea)
|
| 856 |
4 |
0 |
|z Acceso restringido
|u http://vlex.com/source/676
|
| 942 |
|
|
|c BOOK
|
| 999 |
0 |
|
|a Civil Law
|b Madrid
|